000 02633cam a2200253 4500500
005 20260329012856.0
041 _afre
042 _adc
100 1 0 _aHercy, Pierre
_eauthor
700 1 0 _aPhan, Olivier
_eauthor
245 0 0 _aMineurs non accompagnés et addictions, du repérage à la prise en charge
260 _c2026.
500 _a27
520 _aLa prise en charge en addictologie des Mineurs non accompagnés (MNAs) relève de plusieurs défis majeurs, car ce public présente des fragilités multiples. Le choix de quitter son pays n’est pas anodin et fait souvent suite à une série de difficultés familiales, sociales et personnelles vécues comme insurmontables. Leur parcours migratoire a été semé d’embûches et de traumatismes d’une telle violence qu’ils ont été marqués au fer rouge. Enfin, les conditions de vie dans le pays d’accueil s’avèrent souvent complexes. Ce public, polytraumatisé, précaire, qui, la plupart du temps, a eu à faire à des adultes passeurs, dealers, souteneurs voire agresseurs, ne se laisse pas approcher facilement. Le travail avec les MNAs nécessite des aménagements de cadre, des spécificités de prise en charge et une adaptation des professionnels de santé afin d’assurer au mieux les missions de soins, certes difficiles mais souvent vitales.
520 _aProviding addiction treatment for unaccompanied minors (UMs) poses several major challenges, as this population has multiple vulnerabilities. The decision to leave their country is not insignificant and is often the result of a series of family, social and personal difficulties that are perceived as insurmountable. Their migration journey has been fraught with obstacles and traumas of such violence that they have been scarred for life. Finally, living conditions in the host country are often complex. This section of the public, which is multi-traumatized and precarious, and which in most cases has had to deal with adult smugglers, drug dealers, pimps and even assailants, is not easy to approach. Working with MNAs requires adjustments to the setting, specific treatment and adaptation on the part of health professionals in order to provide the best care possible, which is certainly difficult but often vital.
690 _aaccompagnement
690 _aaddictions
690 _aMineurs non accompagnés
690 _aaddictions
690 _asupport
690 _aUnaccompanied minors
786 0 _nEnfances & Psy | 106 | 1 | 2026-02-05 | p. 63-74 | 1286-5559
856 4 1 _uhttps://shs.cairn.info/revue-enfances-psy-2026-1-page-63?lang=fr&redirect-ssocas=7080
999 _c1875162
_d1875162